| 000 | 00332nam a22001337a 4500 | ||
|---|---|---|---|
| 008 | 180919b xxu||||| |||| 00| 0 eng d | ||
| 020 | _a9780070428362 | ||
| 041 | _aeng | ||
| 080 |
_24 ED _a101 |
||
| 100 | _a24 | ||
| 101 | _aFIL | ||
| 245 |
_aQuestition That Matter An iNvation To PhIlosophy _cMilleer,E.d |
||
| 942 |
_2udc _cBK |
||
| 999 |
_c48000 _d48000 |
||